00482pab a2200169 454500008004000000100002000040245008700060260000900147300001500156362000800171650002800179650002700207650002000234650001900254650001000273773002900283180718b2007 xxu||||| |||| 00| 0 eng d aFitch, Kimberly aWater privatisation in France and Germany: the importance of local interest groups c2007 ap.589-605. aAug aPrivatization - Germany aPrivatization - France aWater - Germany aWater - France aWater aLocal Government Studies